| 000 | 00547nam a2200193Ia 4500 | ||
|---|---|---|---|
| 008 | 240729s9999 xx 000 0 und d | ||
| 022 | _a1758-2946 | ||
| 245 | 0 | _aJournal of Cheminformatics | |
| 260 | _aUnited Kingdom | ||
| 260 | _bBMC | ||
| 650 | _a Chemistry | ||
| 650 | _a Industrial engineering. Management engineering | ||
| 650 | _a Information technology | Science | ||
| 650 | _a Technology (General) | ||
| 650 | _aTechnology | ||
| 856 | _uhttps://doaj.org/toc/42fedd0297dd48a784b54af70ecd503c | ||
| 942 | _2ddc | ||
| 942 | _cDOAJEJ | ||
| 999 |
_c74086 _d74086 |
||
| 945 |
_a1 _bMadushi Gamage _c1 _dMadushi Gamage |
||